1365 1380 1806 1614 1535 1837 1552 1430 1118 1989 1196 1709 1437 1461 1649 1352 1377 1224 1153 1831 1884 1406 1895 1629 1881 1241 1174 1673 1105 1836 1599 1769 1921 1159 1831 1763 1658 1151 1003 1566 1396 1961 1759 1182 1767 1618 1205 1341 1379 1200 1490 1926 1131 1700 1856 1019 1072 1822 1613 1695 1021 1744 1699 1353 1585 1288 1516 1221 1290 1783 1186 1397 1782 1090 1222 1774 1097 1471 1603 1876 1377 1261 1377 1541 1403 1813 1125 1849 1428 1300 1724 1895 1591 1618 1189 1381 1657 1460 1125 BCNSPRNW ULIB Ver.6.0+V

เปลี่ยนเป็นภาษาไทย

Change to English
 แสดงรายละเอียดบรรณานุกรม
  กลับหน้าหลัก

Brief Record : Get Marc (ISO 2709) : E-mail record : QR code < ปิดหน้าต่าง
LEADER : 00000nam 2200000uu 4500
001    13399112103
003     ULIB
008    110627s2550||||th 000 0 tha d
020    9789748290263
090    นว.^bM111F 2550
100 0  M ay 112
245 00 Fighting land เทรักมัดหัวใจนายนักสู้/^cM ay 112
250    พิมพ์ครั้งที่ 1
260    กรุงเทพฯ :^bแจ่มใส,^c2550
300    218 หน้า
710 1  แจ่มใส
945    ^p159^l0^i022005
995    ทศพร
999 ^a ใช้งานได้ทุกระบบ
รายการนี้ยังไม่มีแท็ก
คุณยังไม่ได้ล็อกอิน คุณสามารถมีกิจกรรมร่วมกับเว็บไซต์ได้ แต่ต้องล็อกอินก่อน ::
  ล็อกอิน

รายการสื่อสารสนเทศ

ลำดับที่ ประเภท เลขเรียก/บาร์โค้ด สถานที่ สถานะ
- ไม่พบข้อมูล -

BibComment


ยังไม่เคยถูกคอมเมนท์

คอมเมนท์ทรัพยากรรายการนี้
  คอมเมนท์: Fighting land เทร..


 Copyright 2026. Bcnsprnw @Library